Application of different analytical techniquesfor the determination of some antidiabetics / (رقم التسجيلة. 83978)

تفاصيل مارك
000 -LEADER
fixed length control field 02387cam a2200349 a 4500
003 - CONTROL NUMBER IDENTIFIER
control field EG-GiCUC
005 - DATE AND TIME OF LATEST TRANSACTION
control field 20250223032912.0
008 - FIXED-LENGTH DATA ELEMENTS--GENERAL INFORMATION
fixed length control field 220115s2021 ua dh f m 000 0 eng d
040 ## - CATALOGING SOURCE
Original cataloging agency EG-GiCUC
Language of cataloging eng
Transcribing agency EG-GiCUC
041 0# - LANGUAGE CODE
Language code of text/sound track or separate title eng
049 ## - LOCAL HOLDINGS (OCLC)
Holding library Deposite
097 ## - Thesis Degree
Thesis Level M.Sc
099 ## - LOCAL FREE-TEXT CALL NUMBER (OCLC)
Classification number Cai01.08.03.M.Sc.2021.Ma.A
100 0# - MAIN ENTRY--PERSONAL NAME
Personal name Manar Mohamed Mohamed Elhassan
245 10 - TITLE STATEMENT
Title Application of different analytical techniquesfor the determination of some antidiabetics /
Statement of responsibility, etc. Manar Mohamed Mohamed Elhassan ; Supervised Maha Abdelmonem Hegazy , Shereen Hassib , Amr Mahmoud Bekhet
246 15 - VARYING FORM OF TITLE
Title proper/short title تطبيق تقنيات تحليلية مختلفة لتعيين بعض الأدوية المضادة لداء السكرى
260 ## - PUBLICATION, DISTRIBUTION, ETC.
Place of publication, distribution, etc. Cairo :
Name of publisher, distributor, etc. Manar Mohamed Mohamed Elhassan ,
Date of publication, distribution, etc. 2021
300 ## - PHYSICAL DESCRIPTION
Extent 232 P. :
Other physical details charts , facsimiles ;
Dimensions 25cm
502 ## - DISSERTATION NOTE
Dissertation note Thesis (M.Sc.) - Cairo University - Faculty of Pharmacy - Department of Analytical Chemistry
520 ## - SUMMARY, ETC.
Summary, etc. This work is concerned with the determination of some antidiabetic agents of three different classes. Ipragliflozin, Ertugliflozin and Dapagliflozin were selected from the class of Sodium-Glucose cotransporter-II inhibitors. Sitagliptin and Saxagliptin were chosen from the class of dipeptidyl peptidase-IV inhibitors and Metformin was selected from the class of biguanides. The selected drugs have been analyzed using electrochemical, chromatographic and spectrophotometric methods. First, electrochemical methods were employed for the analysis of Ipragliflozin and Sitagliptin. Ipragliflozin was determined using differential pulse voltammetry that depends on the oxidation of sulfur atom. The method was applied by scanning the potential over range of 0 to 2.8 V by using a scan rate of 10 mV/s versus the reference electrode Ag/Ag+ in non-aqueous medium while using glassy carbon electrode as an indicator electrode.The method was then successfully applied for the analysis of Ipragliflozin in spiked human plasma
530 ## - ADDITIONAL PHYSICAL FORM AVAILABLE NOTE
Additional physical form available note Issued also as CD
653 #4 - INDEX TERM--UNCONTROLLED
Uncontrolled term Dapagliflozin
653 #4 - INDEX TERM--UNCONTROLLED
Uncontrolled term Ertugliflozin
653 #4 - INDEX TERM--UNCONTROLLED
Uncontrolled term Ipragliflozin
700 0# - ADDED ENTRY--PERSONAL NAME
Personal name Amr Mahmoud Bekhet ,
Relator term
700 0# - ADDED ENTRY--PERSONAL NAME
Personal name Maha Abdelmonem Hegazy ,
Relator term
700 0# - ADDED ENTRY--PERSONAL NAME
Personal name Shereen Hassib ,
Relator term
856 ## - ELECTRONIC LOCATION AND ACCESS
Uniform Resource Identifier <a href="http://172.23.153.220/th.pdf">http://172.23.153.220/th.pdf</a>
905 ## - LOCAL DATA ELEMENT E, LDE (RLIN)
Cataloger Nazla
Reviser Revisor
905 ## - LOCAL DATA ELEMENT E, LDE (RLIN)
Cataloger Shimaa
Reviser Cataloger
942 ## - ADDED ENTRY ELEMENTS (KOHA)
Source of classification or shelving scheme Dewey Decimal Classification
Koha item type Thesis
المقتنيات
Source of classification or shelving scheme Not for loan Home library Current library Date acquired Full call number Barcode Date last seen Koha item type Copy number
Dewey Decimal Classification   المكتبة المركزبة الجديدة - جامعة القاهرة قاعة الرسائل الجامعية - الدور الاول 11.02.2024 Cai01.08.03.M.Sc.2021.Ma.A 01010110085237000 22.09.2023 Thesis  
Dewey Decimal Classification   المكتبة المركزبة الجديدة - جامعة القاهرة مخـــزن الرســائل الجـــامعية - البدروم 11.02.2024 Cai01.08.03.M.Sc.2021.Ma.A 01020110085237000 22.09.2023 CD - Rom 85237.CD
Cairo University Libraries Portal Implemented & Customized by: Eng. M. Mohamady Contacts: new-lib@cl.cu.edu.eg | cnul@cl.cu.edu.eg
CUCL logo CNUL logo
© All rights reserved — Cairo University Libraries
CUCL logo
Implemented & Customized by: Eng. M. Mohamady Contact: new-lib@cl.cu.edu.eg © All rights reserved — New Central Library
CNUL logo
Implemented & Customized by: Eng. M. Mohamady Contact: cnul@cl.cu.edu.eg © All rights reserved — Cairo National University Library